Sawyer's Gas turbine engineering handbook /

Guardado en:
Otros Autores: Sawyer, John W. 1911-, (Editor , ed.), Japikse, David., (Editor , ed.)
Formato: Libro
Idioma:English
Publicado: Norwalk, Conn., USA : Turbomachinery International Publications, 1985.
Edición:3rd ed.
Materias:
Etiquetas: Agregar Etiqueta
Sin Etiquetas, Sea el primero en etiquetar este registro!
LEADER 01223pam a22002775a 4500
001 EIQ.libpla001761
008 831108s1985####ctuao####b####001#0#eng#d
005 20061220180010.0
245 0 0 |a Sawyer's Gas turbine engineering handbook /  |c editor, John W. Sawyer ; associate editor, David Japikse. 
246 3 0 |a Gas turbine engineering handbook. 
250 |a 3rd ed. 
260 |a Norwalk, Conn., USA :  |b Turbomachinery International Publications,  |c 1985. 
300 |a 3 v. :  |b il., fotos ;  |c 29 cm. 
504 |a Incluye referencias bibliográficas e índice. 
505 0 |a v. 1. Theory & design -- v. 2. Selection & application -- v. 3. Accessories & support. 
020 |a 0937506133 (set) 
700 1 |a Sawyer, John W.  |q (John William),  |d 1911-,  |e ed.  |4 edt 
700 1 |a Japikse, David.,  |e ed.  |4 edt 
082 0 0 |a 621.43/3  |2 19 
650 4 |a Turbinas de gas  |x Handbooks, manuales, etc. 
650 0 |a Gas-turbines  |x Handbooks, manuals, etc. 
010 |a  83018100  
040 |a DLC  |c DLC  |d AR-BbSID 
859 |a AR-BbSID  |b BIB. PLAPIQUI  |h 621.433  |i Sa 96  |k R  |p 4224  |v Vol. 1  |3 Vol. 1 
859 |a AR-BbSID  |b BIB. PLAPIQUI  |h 621.433  |i Sa 96  |k R  |p 4225  |v Vol. 2  |3 Vol. 2 
859 |a AR-BbSID  |b BIB. PLAPIQUI  |h 621.433  |i Sa 96  |k R  |p 4226  |v Vol. 3  |3 Vol. 3